000 00458nam a2200169 i 4500
001 30111
003 ES-MaACL
005 20230906154135.0
007 t|
008 030123s1949 xxk ||||1| eng d
100 1 _aBarrow, R. H.
_926080
245 1 4 _aThe romans /
_cR. H. Barrow.
250 _a1st ed.
260 _aHarmondsworth :
_bPenguin Books,
_c[1949] (
_fHazell Watson)
300 _a224 p. :
_bil. ;
_c18 cm.
852 _aES-MaACL
_jD-6071
_bR.29635
999 _c30111
_d30111